Catálogo

La política exterior de México 2012-2018 : (Registro nro. 43624)

Detalles MARC
000 -LEADER
fixed length control field 00807nam a2200217 a 4500
001 - CONTROL NUMBER
control field 43624
003 - CONTROL NUMBER IDENTIFIER
control field Mx-PuUPA
005 - DATE AND TIME OF LATEST TRANSACTION
control field 20250919081235.0
008 - FIXED-LENGTH DATA ELEMENTS--GENERAL INFORMATION
fixed length control field 140415s2012 mx gr 000 0 spa d
020 ## - INTERNATIONAL STANDARD BOOK NUMBER
International Standard Book Number 9786070056307
040 ## - CATALOGING SOURCE
Transcribing agency Mx-PuUPA
041 0# - LANGUAGE CODE
Language code of text/sound track or separate title spa
245 03 - TITLE STATEMENT
Title La política exterior de México 2012-2018 :
Remainder of title diagnóstico y propuestas /
Statement of responsibility, etc. Jorge A. Schiavon, Rafael Velázquez Flores, editores
250 ## - EDITION STATEMENT
Edition statement Primera edición /
Remainder of edition statement abril
264 #1 - PRODUCTION, PUBLICATION, DISTRIBUTION, MANUFACTURE, AND COPYRIGHT NOTICE
Place of production, publication, distribution, manufacture México, D.F. :
Name of producer, publisher, distributor, manufacturer Asociación Mexicana de Estudios Internacionales,
Date of production, publication, distribution, manufacture, or copyright notice 2012
300 ## - PHYSICAL DESCRIPTION
Extent 126 páginas ;
Dimensions 23 cm
700 1# - ADDED ENTRY--PERSONAL NAME
Personal name Schiavon, Jorge A.,
Relator term editor
9 (RLIN) 969
700 1# - ADDED ENTRY--PERSONAL NAME
Personal name Velázquez Flores, Rafael
Relator term editor
9 (RLIN) 15608
942 ## - ADDED ENTRY ELEMENTS (KOHA)
Source of classification or shelving scheme Dewey Decimal Classification
Koha item type Libro
Classification part xx
Item part xx
Existencias
Withdrawn status Lost status Source of classification or shelving scheme Damaged status Not for loan Collection code Home library Current library Shelving location Date acquired Source of acquisition Total Checkouts Full call number Barcode Price effective from Koha item type
    Dewey Decimal Classification   En catalogación General Biblioteca Karol Wojtyla Biblioteca Karol Wojtyla Procesos técnicos 03/12/2013 Donación   xx 47954 03/12/2013 Libro